000
00318nam a22001337a 4500
020
_a
9789332547513
082
_a
510.76 KHA
100
_a
Dinesh Khattar
245
_a
Objective mathematics for the JEE main 2016
260
_a
New Delhi
_b
Pearson
_c
2015
300
_a
780p.
_b
ill.:
650
_a
Mathematics
942
_c
BK
999
_c
13480
_d
13480